Through: (Record no. 213001)

MARC details
000 -LEADER
fixed length control field 00556nam a22001937a 4500
005 - DATE AND TIME OF LATEST TRANSACTION
control field 20250811160026.0
010 ## - LCCN (DPL NO)
LC control number ENG-146451
020 ## - INTERNATIONAL STANDARD BOOK NUMBER
Terms of availability 800.00
International Standard Book Number 9789393734020
035 ## - SYSTEM CONTROL NUMBER
System control number EN-129983
037 ## - SOURCE OF ACQUISITION
Source of stock number/acquisition DBAD
082 ## - DEWEY DECIMAL CLASSIFICATION NUMBER
Classification number 888.88
100 ## - MAIN ENTRY--PERSONAL NAME
Personal name Simpson, James F.
245 ## - TITLE STATEMENT
Title Through:
Remainder of title A Yong Boy's Eyes/
Statement of responsibility, etc James F. Simpson
250 ## - EDITION STATEMENT
Edition statement 1
260 ## - PUBLICATION, DISTRIBUTION, ETC. (IMPRINT)
Place of publication, distribution, etc Kolkata
Name of publisher, distributor, etc Exceller Books
Date of publication, distribution, etc 2022
270 ## - ADDRESS
Address G1 Dream Apartment, Degree College Road
City Belgharia,Kolkata
300 ## - PHYSICAL DESCRIPTION
Extent 170p.
Dimensions 22cm(pb)
942 ## - ADDED ENTRY ELEMENTS (KOHA)
Source of classification or shelving scheme Dewey Decimal Classification
Item type English Books
Call number suffix SIM
Classification part 888.88
Holdings
Withdrawn status Lost status Not for loan Collection code Home library Current library Date acquired Source of acquisition Cost, normal purchase price Full call number Barcode Copy number Cost, replacement price Koha item type
    Not For Loan Non-fiction Bawana Bawana 11/08/2025 Delivery of Books Act Division 800.00 SIM 888.88 EN-129983 1 800.00 English Books

© Delhi Public Library
Hit Counter
free hit counter